Príspevok na stravovanie zamestnancov

S účinnosťou od 1. marca 2021 vstúpila do platnosti novela Zákonníka práce, ktorá sa dotkla väčšiny zamestnávateľov a zamestnancov. V zmysle uvedenej novely dostali zamestnanci možnosť výberu pri zabezpečení stravovania zo strany zamestnávateľa medzi stravovacími poukážkami a finančným príspevkom na...

Ausführliche Beschreibung

Gespeichert in:
Bibliographische Detailangaben
1. Verfasser: Mrukviová Tomiová, Sandra
Format: Buchkapitel
Sprache:Slowakisch
Schlagworte:
Tags: Tag hinzufügen
Keine Tags, Fügen Sie das erste Tag hinzu!

MARC

LEADER 00000naa a2200000 4500
001 0279576
005 20240417075147.2
041 0 |a slo 
044 |a SK 
245 1 0 |a Príspevok na stravovanie zamestnancov  |c Sandra Mrukviová Tomiová 
520 |a S účinnosťou od 1. marca 2021 vstúpila do platnosti novela Zákonníka práce, ktorá sa dotkla väčšiny zamestnávateľov a zamestnancov. V zmysle uvedenej novely dostali zamestnanci možnosť výberu pri zabezpečení stravovania zo strany zamestnávateľa medzi stravovacími poukážkami a finančným príspevkom na stravovanie, pričom zamestnanec je viazaný svojim výberom počas nasledujúcich 12 mesiacov odo dňa, kedy ku výberu došlo. 
610 2 0 |a stravovanie zamestnancov 
610 2 0 |a politika sociálna 
610 2 0 |a príspevky sociálne 
610 2 0 |a vzťahy pracovnoprávne 
610 2 0 |a zamestnanci 
610 2 0 |a zamestnávatelia 
610 2 0 |a poukážky 
610 2 0 |a zákonník práce 
610 2 0 |a novelizácia 
100 1 |a Mrukviová Tomiová, Sandra